| 000 | 01022ngm a2200253 a 4500 | ||
|---|---|---|---|
| 005 | 20220317001252.0 | ||
| 008 | 160825s1987 ck g 000 0 spa | ||
| 082 | 0 | 4 |
_a791.433 M14c _bM14c |
| 245 | 1 | 3 |
_aEl caballito jorobadito _cdirección de animación Iván Ivanov-Vano _hvideograbación |
| 250 | _a1a. edición | ||
| 300 |
_a1 videocasete en VHS (76 minutos) _bsonido, color _c20 cm |
||
| 490 | _aLa maleta | ||
| 500 | _aLa película pertenece a la colección La Maleta. Dirigida para un público infantil. Película en dibujos animados | ||
| 650 | 1 | 4 |
_2LEMB _aPelículas cinematográficas rusas _vVideocasetes |
| 650 | 1 | 4 |
_2LEMB _aCine para niños _vVideocasetes |
| 650 | 1 | 4 |
_2LEMB _aCuentos infantiles rusos _vVideocasetes |
| 700 | 1 |
_aIvanov-Vano, Iván _968539 |
|
| 942 |
_2ddc _cVIDEOCASET |
||
| 264 |
_aBogotá _bMinisterio de Cultura _c1987 |
||
| 336 |
_atexto _btxt _2rdacontent |
||
| 337 |
_asin mediación _bn _2rdamedia |
||
| 338 |
_avolumen _bnc _2rdacarrier |
||
| 040 |
_aCO-BoRNBP _bspa _erda _cCO-BoRNBP |
||
| 999 |
_c6445 _d6445 |
||